[Event "AUTO-INT-2443"]
[Site "http://www.queenalice.com/game.php?id=1105325"]
[Date "2012.9.22"]
[Round "1"]
[White "ThirdEchelon"]
[Black "prog2"]
[Result "0-1"]
[WhiteElo "1728"]
[BlackElo "1659"]

1. e4 c5 2. Nf3 d6 3. Bb5+ Bd7 4. a4 Nf6 5. d3 Nc6 6. Bc4 h6 7. O-O a6 8. Nc3 g5
9. h3 g4 10. hxg4 Bxg4 11. Re1 Nd4 0-1

[Event "AUTO-INT-2443"]
[Site "http://www.queenalice.com/game.php?id=1105326"]
[Date "2012.9.22"]
[Round "1"]
[White "prog2"]
[Black "ThirdEchelon"]
[Result "1-0"]
[WhiteElo "1678"]
[BlackElo "1703"]

1. e4 e5 2. Nf3 Nc6 3. Bb5 a6 4. Bxc6 dxc6 5. O-O f6 6. d4 Bd6 7. dxe5 fxe5 8.
Nxe5 Bxe5 9. Qxd8+ Kxd8 10. Na3 Be6 11. f4 Bd4+ 12. Kh1 b5 13. Rd1 1-0

[Event "AUTO-INT-2443"]
[Site "http://www.queenalice.com/game.php?id=1105341"]
[Date "2012.9.22"]
[Round "1"]
[White "prog2"]
[Black "ReidoBaralho"]
[Result "1-0"]
[WhiteElo "1603"]
[BlackElo "1591"]

1. e4 e5 2. Nf3 d6 3. d4 Bg4 4. dxe5 Bxf3 5. Qxf3 dxe5 6. Bc4 Nf6 7. O-O h6 8.
Qb3 Ke7 9. Qxb7 Nbd7 10. Nc3 Nc5 11. Qc6 Ne6 12. Nd5+ Nxd5 13. exd5 Nd4 14. Qb7
Kf6 15. d6 Bxd6 16. c3 Nc2 17. Rb1 Kg6 18. Qe4+ f5 19. Qxc2 c5 20. Bd5 e4 21. f3
exf3 22. Bxf3 Rc8 23. Bg4 Kh7 24. Qxf5+ Kg8 25. Qe6+ Kh7 26. Bf5+ g6 27. Qxg6#
1-0

[Event "AUTO-INT-2443"]
[Site "http://www.queenalice.com/game.php?id=1105342"]
[Date "2012.9.22"]
[Round "1"]
[White "ReidoBaralho"]
[Black "prog2"]
[Result "0-1"]
[WhiteElo "1568"]
[BlackElo "1626"]

1. e4 c5 2. Qh5 e6 3. Nf3 Nf6 4. Qh3 Nxe4 5. d3 Nf6 6. Bg5 Be7 7. Bxf6 Bxf6 8.
g3 Bxb2 9. Bg2 Bxa1 10. O-O O-O 11. Na3 Qa5 12. Nc4 Qc3 13. Nd6 Nc6 14. Nb5 Qb2
15. c4 Qxa2 16. Ng5 h6 17. Ne4 Be5 18. f4 Bd4+ 19. Nxd4 Nxd4 20. Qg4 Ne2+ 21.
Kh1 d5 22. Nf6+ Kh8 23. Nh5 g6 24. Nf6 dxc4 25. dxc4 Qb2 26. Ne4 a5 27. Bf3 Nd4
28. Rf2 Qb1+ 29. Kg2 e5 30. Qh4 Kg7 31. Nc3 Qe1 32. Re2 Qxc3 33. Rf2 Nf5 34. Qh3
Ne3+ 35. Kh1 Bxh3 0-1

[Event "AUTO-INT-2443"]
[Site "http://www.queenalice.com/game.php?id=1105343"]
[Date "2012.9.22"]
[Round "1"]
[White "prog2"]
[Black "lusobrpe"]
[Result "1-0"]
[WhiteElo "1575"]
[BlackElo "1543"]

1. e4 e5 2. Nf3 Nc6 3. Bb5 d6 4. d4 Qe7 5. O-O Bg4 6. Bxc6+ bxc6 7. dxe5 dxe5 8.
Nbd2 O-O-O 9. h3 Bxf3 10. Qxf3 Nh6 11. Nb3 g6 12. Be3 a6 13. Qe2 Kb7 14. Na5+
Kc8 15. Qxa6+ Kd7 16. Rad1+ Ke8 17. Nxc6 Qe6 18. Rxd8# 1-0

[Event "AUTO-INT-2443"]
[Site "http://www.queenalice.com/game.php?id=1105344"]
[Date "2012.9.22"]
[Round "1"]
[White "lusobrpe"]
[Black "prog2"]
[Result "0-1"]
[WhiteElo "1506"]
[BlackElo "1590"]

1. e4 c5 2. Bc4 Nc6 3. d3 e6 4. Nf3 d5 5. Bb5 dxe4 6. dxe4 Qxd1+ 7. Kxd1 Bd7 8.
Ke2 Nf6 9. e5 Nxe5 10. Bxd7+ Nfxd7 11. Rd1 Be7 12. Kf1 Rd8 13. Re1 f6 14. g3
Nxf3 15. Re2 Nde5 16. Bf4 Nd4 17. Rd2 Nef3 18. Rd1 Nxc2 19. Nc3 Nxa1 20. Rxa1 e5
21. Be3 Nxh2+ 22. Kg2 Ng4 23. f3 Nxe3+ 24. Kf2 Nc2 25. Rd1 Rxd1 26. Nxd1 c4 27.
Ne3 c3 28. bxc3 Bc5 29. Ke2 Bxe3 30. Kd3 Bf2 31. g4 Ne1+ 32. Ke2 Bg3 33. Kf1 b5
34. a3 O-O 35. a4 bxa4 36. Ke2 a3 37. Kd2 a2 38. Ke3 a1=Q 39. Ke4 Qd1 40. Kf5
Qd3+ 41. Ke6 Re8# 0-1

[Event "OS INCLIVEIS"]
[Site "http://www.queenalice.com/game.php?id=1116762"]
[Date "2012.10.28"]
[Round "-"]
[White "adelio"]
[Black "prog2"]
[Result "0-1"]
[WhiteElo "1724"]
[BlackElo "1640"]

1. d4 Nc6 2. d5 Ne5 3. f4 Ng6 4. g4 e5 5. f5 Qh4+ 6. Kd2 N6e7 7. Nf3 Qxg4 8. Rg1
Qxf5 9. Nc3 Nf6 10. Rg5 Qf4+ 11. e3 Qb4 12. Rxe5 d6 13. a3 Qb6 14. Rxe7+ Bxe7
15. Ng5 Ng4 16. Qf3 Bxg5 17. Qe4+ Kf8 18. Nd1 f5 19. Qd3 Bd7 20. c4 Ne5 21. Qe2
f4 22. Kc2 Ba4+ 23. Kb1 f3 24. Qf2 Bxd1 25. Ra2 Ng4 26. Qg3 h5 27. h3 Bxe3 28.
hxg4 Qb3 29. Bxe3 Bc2+ 30. Kc1 hxg4 31. Qf4+ Kg8 32. Qxg4 Qxe3+ 33. Kxc2 Re8 34.
Qg3 Rh1 35. Ra1 Re4 36. b3 c5 37. dxc6 Rxf1 38. Rxf1 Qe2+ 39. Kc3 Re3+ 40. Kb4
Qd3 41. Qxd6 Qxd6+ 42. Ka4 Qxc6+ 43. Kb4 b6 44. a4 Qc5# 0-1

[Event "Challenge"]
[Site "http://www.queenalice.com/game.php?id=1117745"]
[Date "2012.10.31"]
[Round "-"]
[White "jdimas"]
[Black "prog2"]
[Result "0-1"]
[WhiteElo "1396"]
[BlackElo "1619"]

1. e3 e5 2. d4 exd4 3. exd4 d5 4. c4 Nf6 5. c5 Be7 6. b4 O-O 7. a3 b6 8. h4 bxc5
9. dxc5 a5 10. Bb2 Ne4 11. Qd4 Bf6 12. Qd1 Bxb2 13. Ra2 Bc3+ 14. Nxc3 Nxc3 15.
Qc2 Nxa2 16. Qxa2 axb4 17. a4 Qe7+ 18. Be2 Qxc5 19. h5 Qc3+ 20. Kd1 b3 21. Qb1
Rxa4 22. Nf3 Ra1 23. Nd2 Rxb1+ 24. Nxb1 Qc2+ 25. Ke1 Qxb1+ 26. Bd1 Re8+ 27. Kd2
Qb2+ 28. Kd3 Ba6# 0-1

[Event "AUTO-INT-2813"]
[Site "http://www.queenalice.com/game.php?id=1259763"]
[Date "2014.2.25"]
[Round "1"]
[White "prog2"]
[Black "MSchatz"]
[Result "0-1"]
[WhiteElo "1657"]
[BlackElo "1856"]

1. e4 e5 2. Nf3 Nc6 3. c3 Bc5 4. d4 exd4 5. cxd4 Bb4+ 6. Bd2 Bxd2+ 7. Nbxd2 d6
8. Bc4 Bg4 9. Bxf7+ Kxf7 10. Qb3+ Ke8 11. Qxb7 Nge7 12. d5 Rb8 13. Qa6 Nb4 14.
Qxa7 Nc2+ 15. Ke2 Nxa1 16. Rxa1 Bxf3+ 17. gxf3 Rxb2 18. Rc1 Rf8 0-1

[Event "AUTO-INT-2813"]
[Site "http://www.queenalice.com/game.php?id=1259764"]
[Date "2014.2.25"]
[Round "1"]
[White "MSchatz"]
[Black "prog2"]
[Result "1-0"]
[WhiteElo "1847"]
[BlackElo "1666"]

1. e4 c5 2. Nf3 d6 3. Nc3 Nc6 4. Bc4 f6 5. d3 Bg4 6. h3 Bxf3 7. Qxf3 Nd4 8. Qd1
a6 9. Be3 b5 10. Bd5 Rb8 11. Bxd4 cxd4 12. Bc6+ Kf7 13. Ne2 Qb6 14. Bd5+ 1-0